| 000 | 01106naa a22003137a 4500 | ||
|---|---|---|---|
| 001 | BR9510440 | ||
| 003 | BR-BrBNA | ||
| 005 | 20240918181825.0 | ||
| 007 | ta | ||
| 008 | 230509b bl.||||| |||| 00| 0 por d | ||
| 040 |
_aBR-BrBNA _bpor _cBiblioteca Nacional de Agricultura |
||
| 041 | _a(Pt) | ||
| 072 |
_aL53 _b5600 |
||
| 090 | _aL53 BR9510440 | ||
| 100 | 1 | _aFaillace, J.V. | |
| 100 | 1 | _aOliveira Filho, E.B. | |
| 100 | 1 | _aQuetglas, M.D. | |
| 111 | 1 |
_a1. Congresso Brasileiro das Racas Zebuinas _cUberaba, MG (Brazil) _d23-26 Oct 1994 |
|
| 245 | 1 | _aIncubacao temporaria in vivo em oviduto de coelhas de imbrioes produzidos in vitro | |
| 260 | 3 |
_aUberaba, MG (Brasil): _c1994. |
|
| 500 | _aAnais do 1. Congresso Brasileiro das Racas Zebuinas Uberaba, MG (Brasil): 1994. p. 147-148 (BR9510440-AM)L53 | ||
| 650 | _aCoelho | ||
| 650 | _aIncubacao Artificial | ||
| 650 | _aOviduto | ||
| 650 | _aEmbriao | ||
| 773 | 0 |
_tAnais do 1. Congresso Brasileiro das Racas Zebuinas _wL53 BR9510440 _gUberaba, MG (Brasil), 1994. p. 147-148 |
|
| 909 |
_a202404 _bLucia _c55 _dLucia Elande |
||
| 942 |
_cAM _2AGRIS |
||
| 999 |
_c327022 _d327022 |
||